Business Letters ... : [návod k psaní anglických obchodních dopisů] /

Hlavní autor: Pražák, Stanislav
Další autoři: Bunzl, Fred, Fischer, Jan
Jazyk: Čeština
Angličtina
Vydáno: Praha : Grafotyp, [1948]
Vydání: 1. vyd.
Externí odkaz: Digitalizovaný dokument
Fyzický popis: 62 s. : il.
Knihy
Uloženo v:
LEADER 01205nam a22003132a 4500
001 001649549
003 CZ BrMZK
005 20230726124912.0
007 ta
008 181003s1948 xr a er|||||||||||cze d
015 |a cnb000672621 
035 |a (OCoLC)85428660 
040 |a ABA001  |b cze  |c PNA001  |d ABA001 
041 0 |a cze  |a eng 
100 1 |a Pražák, Stanislav  |7 jk01100976  |4 aut 
245 1 0 |a Business Letters ... :  |b [návod k psaní anglických obchodních dopisů] /  |c Stanislav Pražák, Fred F. Bunzl ; [ilustrace a obálka: Jan Fischer] 
250 |a 1. vyd. 
260 |a Praha :  |b Grafotyp,  |c [1948] 
300 |a 62 s. :  |b il. 
500 |a Dostupné též v digitální podobě v aplikaci Kramerius 
700 1 |a Bunzl, Fred  |7 jk01020269  |4 aut 
700 1 |a Fischer, Jan  |4 ill 
856 4 1 |u http://www.digitalniknihovna.cz/mzk/uuid/uuid:783aea80-c6fe-11e8-bc37-005056827e51  |y Digitalizovaný dokument  |x NDK 
910 |a BOA001  |b 2-0211.374 
990 |a BK 
995 |a 01 
991 |b 201809 
996 7 |b 2618940975  |c 2-0211.374  |l MZK  |r Sklad / do 24 hodin  |n 0  |w 001688427  |u 000020  |a 1  |e BOA001  |j MZK50  |s A 
996 6 |b 2618940976  |c 2-0211.374  |l MZK  |r Sklad / do 24 hodin  |n 0  |w 001688427  |u 000010  |a 1  |e BOA001  |j MZK50  |s P